000
00290nam a22001337a 4500
008
170606b xxu||||| |||| 00| 0 eng d
020
_a
9780415944304
041
_a
eng
080
_a
93
100
_a
18
101
_a
SHH
245
_a
CENTURY OF GENOCIDE
_c
PARSONS, W.S
942
_2
udc
_c
BK
999
_c
16127
_d
16127